000 00706nam a2200205 i 4500
001 78520
003 ES-MaACL
005 20230906173730.0
007 t|
008 041014s1979 sp |||| | spa d
100 1 _aHajex, Jiri.
_961504
245 1 0 _aPraga
_b: diez años después : (1969-1978) /
_cJiri Hajex ; prólogo de Manuel Azcárate ; [versión de Marta Vassallo].
260 _aBarcelona :
_bLaia,
_c[1979]
300 _a210 p. ;
_c20 cm.
651 4 _aChecoslovaquia-
_xHistoria-
_y1945-1992.
_9164760
651 _aChecoslovaquia-
_xHistoria-
_y1968, Intervención soviética.
_9164755
700 1 _aAzcárate, Manuel.
_924247
700 1 _aVasallo, Marta.
_9113254
852 _aES-MaACL
_jA-9823
999 _c78520
_d78520